[Event "Mitropa Cup 31st"]
[Site "Sibenik"]
[Date "2012.06.02"]
[Round "3"]
[White "Lenic, Luka"]
[Black "Housieaux, David"]
[Result "1-0"]
[WhiteElo "2632"]
[BlackElo "2452"]
[PlyCount "111"]
[EventDate "2012.05.31"]
[EventType "team-tourn"]
[EventRounds "9"]
[EventCountry "CRO"]
[Source "ChessBase"]
[SourceDate "2012.06.22"]
[WhiteTeam "Slovenia"]
[BlackTeam "France"]
[WhiteTeamCountry "SLO"]
[BlackTeamCountry "FRA"]

1. d4 Nf6 2. c4 g6 3. Nc3 Bg7 4. e4 d6 5. f3 O-O 6. Be3 a6 7. Nge2 c5 8. Qd2
Qc7 9. Rd1 Nbd7 10. dxc5 dxc5 11. Nf4 e6 12. Nd3 b6 13. Bf4 Qc6 14. Nf2 Re8 15.
Bh6 e5 16. Nd5 Nf8 17. h3 Kh8 18. Bd3 Ng8 19. Be3 Ra7 20. b4 Ne6 21. O-O Nd4
22. Rb1 Be6 23. bxc5 bxc5 24. Qa5 Qc8 25. Qb6 Rd7 26. Rfc1 Bf6 27. Nxf6 Nxf6
28. Bf1 Rc7 29. Nd3 Nd7 30. Qa5 Kg8 31. Nf2 f5 32. exf5 gxf5 33. f4 Bf7 34. Qc3
Bg6 35. Nd3 e4 36. Ne1 Ne6 37. Rd1 Rc6 38. Bc1 Qc7 39. Nc2 Nb6 40. Bb2 Qxf4 41.
Ba1 Qc7 42. Ne3 Qg7 43. Qa5 Qc7 44. Qxa6 f4 45. Ng4 Nd4 46. Rxd4 cxd4 47. Bxd4
Ree6 48. c5 Nc8 49. Rb7 Qd8 50. Nh6+ Kf8 51. Bg7+ Ke8 52. Bb5 Qd5 53. Rc7 Qxc5+
54. Kh2 Nb6 55. Qb7 Qd5 56. Rxc6 1-0

[Event "Mitropa Cup 31st"]
[Site "Sibenik"]
[Date "2012.06.02"]
[Round "3"]
[White "Libiszewski, Fabien"]
[Black "Sebenik, Matej"]
[Result "1/2-1/2"]
[WhiteElo "2495"]
[BlackElo "2573"]
[PlyCount "73"]
[EventDate "2012.05.31"]
[EventType "team-tourn"]
[EventRounds "9"]
[EventCountry "CRO"]
[Source "ChessBase"]
[SourceDate "2012.06.22"]
[WhiteTeam "France"]
[BlackTeam "Slovenia"]
[WhiteTeamCountry "FRA"]
[BlackTeamCountry "SLO"]

1. e4 c5 2. Nf3 Nc6 3. d4 cxd4 4. Nxd4 Nf6 5. Nc3 e5 6. Ndb5 d6 7. Bg5 a6 8.
Na3 b5 9. Nd5 Be7 10. Bxf6 Bxf6 11. c4 b4 12. Nc2 O-O 13. g3 a5 14. Bg2 Bg5 15.
O-O Be6 16. Qd3 Bxd5 17. cxd5 Nb8 18. a3 bxa3 19. Nxa3 Nd7 20. Nc4 Qc7 21. f4
Bf6 22. Rac1 Rfb8 23. Qe3 Qc5 24. Qxc5 Nxc5 25. Nxd6 exf4 26. gxf4 Bxb2 27.
Rcd1 a4 28. Nc4 a3 29. d6 Ra4 30. d7 Rd8 31. Nxb2 axb2 32. Rd2 Rb4 33. Rb1 Na4
34. e5 Rc4 35. Bf1 Rc1 36. Rdxb2 Rxf1+ 37. Kxf1 1/2-1/2

[Event "Mitropa Cup 31st"]
[Site "Sibenik"]
[Date "2012.06.02"]
[Round "3"]
[White "Jurcik, Marian"]
[Black "Godena, Michele"]
[Result "1/2-1/2"]
[WhiteElo "2491"]
[BlackElo "2521"]
[PlyCount "28"]
[EventDate "2012.05.31"]
[EventType "team-tourn"]
[EventRounds "9"]
[EventCountry "CRO"]
[Source "ChessBase"]
[SourceDate "2012.06.22"]
[WhiteTeam "Slovakia"]
[BlackTeam "Italy"]
[WhiteTeamCountry "SVK"]
[BlackTeamCountry "ITA"]

1. c4 e6 2. g3 Nf6 3. Bg2 d5 4. Nf3 Be7 5. O-O O-O 6. b3 b6 7. Bb2 Bb7 8. d3 c5
9. e3 Nbd7 10. Qe2 Qc7 11. Nc3 Rad8 12. Rac1 dxc4 13. dxc4 Ne4 14. Rfd1 Bf6
1/2-1/2

[Event "Mitropa Cup 31st"]
[Site "Sibenik"]
[Date "2012.06.02"]
[Round "3"]
[White "Mazur, Stefan"]
[Black "Dvirnyy, Daniyl"]
[Result "1/2-1/2"]
[WhiteElo "2391"]
[BlackElo "2515"]
[PlyCount "109"]
[EventDate "2012.05.31"]
[EventType "team-tourn"]
[EventRounds "9"]
[EventCountry "CRO"]
[Source "ChessBase"]
[SourceDate "2012.06.22"]
[WhiteTeam "Slovakia"]
[BlackTeam "Italy"]
[WhiteTeamCountry "SVK"]
[BlackTeamCountry "ITA"]

1. e4 e6 2. d4 d5 3. Nc3 Bb4 4. e5 c5 5. a3 Bxc3+ 6. bxc3 Ne7 7. Nf3 h6 8. h4
b6 9. Bb5+ Bd7 10. Bd3 Ba4 11. h5 Qc7 12. Bd2 Nd7 13. O-O O-O-O 14. Re1 Kb8 15.
Be3 Ka8 16. Nh4 c4 17. Bf1 g5 18. Nf3 Rhf8 19. g3 f5 20. exf6 Nxf6 21. Ne5 Be8
22. g4 Nc6 23. Bg2 Nxe5 24. dxe5 Nd7 25. a4 Nxe5 26. a5 bxa5 27. Bd4 Nc6 28.
Rxe6 Rd6 29. Re1 Nxd4 30. Qxd4 Qb6 31. Qd2 Bc6 32. Re5 Rfd8 33. Qe2 a4 34. Re7
Qb2 35. Rd1 Qxc3 36. Re6 a3 37. Re3 Qb2 38. Qd2 d4 39. Bxc6+ Rxc6 40. Qa5 Qb6
41. Rxa3 Qxa5 42. Rxa5 Kb7 43. Kg2 d3 44. cxd3 cxd3 45. f4 gxf4 46. Kf3 Rd4 47.
g5 d2 48. Rb5+ Kc7 49. gxh6 Rc1 50. h7 Rxd1 51. h8=Q Rf1+ 52. Kg2 f3+ 53. Kg3
Rg1+ 54. Kh3 Rh1+ 55. Kg3 1/2-1/2

[Event "Mitropa Cup 31st"]
[Site "Sibenik"]
[Date "2012.06.02"]
[Round "3"]
[White "Rombaldoni, Denis"]
[Black "Pacher, Milan"]
[Result "1-0"]
[WhiteElo "2520"]
[BlackElo "2440"]
[PlyCount "39"]
[EventDate "2012.05.31"]
[EventType "team-tourn"]
[EventRounds "9"]
[EventCountry "CRO"]
[Source "ChessBase"]
[SourceDate "2012.06.22"]
[WhiteTeam "Italy"]
[BlackTeam "Slovakia"]
[WhiteTeamCountry "ITA"]
[BlackTeamCountry "SVK"]

1. d4 e6 2. c4 f5 3. g3 Nf6 4. Bg2 d5 5. Nf3 c6 6. O-O Bd6 7. Qc2 O-O 8. Nc3
Ne4 9. Rb1 Qe7 10. b4 Bxb4 11. Nxe4 fxe4 12. Bg5 Qd6 13. c5 Qc7 14. Ne5 Ba5 15.
f3 exf3 16. Bxf3 Nd7 17. Be7 Nxe5 18. Bxf8 Nc4 19. Be4 Bd2 20. Bd6 1-0

[Event "Mitropa Cup 31st"]
[Site "Sibenik"]
[Date "2012.06.03"]
[Round "4"]
[White "Dvirnyy, Daniyl"]
[Black "Froewis, Georg"]
[Result "1-0"]
[WhiteElo "2515"]
[BlackElo "2363"]
[PlyCount "67"]
[EventDate "2012.05.31"]
[EventType "team-tourn"]
[EventRounds "9"]
[EventCountry "CRO"]
[Source "ChessBase"]
[SourceDate "2012.06.22"]
[WhiteTeam "Italy"]
[BlackTeam "Austria"]
[WhiteTeamCountry "ITA"]
[BlackTeamCountry "AUT"]

1. e4 e6 2. d3 d5 3. Qe2 dxe4 4. dxe4 e5 5. Nf3 Nc6 6. c3 Be7 7. Nbd2 Nf6 8.
Nc4 O-O 9. Qc2 b5 10. Ne3 a6 11. a4 b4 12. a5 b3 13. Qd3 Bd6 14. Qb1 Nd7 15.
Bc4 Nc5 16. O-O Kh8 17. Bd5 Bd7 18. Nf5 Rb8 19. Be3 Rb5 20. Rd1 Ne6 21. Bc4
Rxa5 22. Bxb3 Qb8 23. Bc4 Nc5 24. Qc2 Bxf5 25. exf5 Rxa1 26. Rxa1 e4 27. Ng5
Ne5 28. Be2 Qb7 29. b4 Ncd3 30. f3 exf3 31. Bxd3 Ng4 32. Bd4 Nxh2 33. Be4 Qc8
34. Qf2 1-0

[Event "Mitropa Cup 31st"]
[Site "Sibenik"]
[Date "2012.06.03"]
[Round "4"]
[White "Kreisl, Robert"]
[Black "Brunello, Sabino"]
[Result "1-0"]
[WhiteElo "2398"]
[BlackElo "2592"]
[PlyCount "75"]
[EventDate "2012.05.31"]
[EventType "team-tourn"]
[EventRounds "9"]
[EventCountry "CRO"]
[Source "ChessBase"]
[SourceDate "2012.06.22"]
[WhiteTeam "Austria"]
[BlackTeam "Italy"]
[WhiteTeamCountry "AUT"]
[BlackTeamCountry "ITA"]

1. Nf3 c5 2. c4 g6 3. e4 Bg7 4. d4 Qa5+ 5. Nc3 Nc6 6. d5 Nd4 7. Bd2 d6 8. Nxd4
cxd4 9. Nb5 Qd8 10. Bb4 a5 11. Ba3 Nf6 12. e5 Ne4 13. Qe2 Bf5 14. exd6 O-O 15.
dxe7 Qb6 16. g4 d3 17. c5 Qf6 18. exf8=Q+ Rxf8 19. Qxd3 Nxf2 20. Qf3 Nxh1 21.
gxf5 Re8+ 22. Kd1 Qh4 23. Kc2 Qxh2+ 24. Bg2 Ng3 25. Rd1 Nxf5 26. Kb1 Re3 27.
Qf2 Rg3 28. c6 Be5 29. c7 Bxc7 30. Nxc7 Rxg2 31. Qc5 Kg7 32. Qf8+ Kf6 33. Qd8+
Ke5 34. Re1+ Kf4 35. Bd6+ Nxd6 36. Qxd6+ Kg4 37. Qxh2 Rxh2 38. Rd1 1-0

[Event "Mitropa Cup 31st"]
[Site "Sibenik"]
[Date "2012.06.03"]
[Round "4"]
[White "Papp, Gabor"]
[Black "Doric, Darko"]
[Result "1/2-1/2"]
[WhiteElo "2552"]
[BlackElo "2513"]
[PlyCount "97"]
[EventDate "2012.05.31"]
[EventType "team-tourn"]
[EventRounds "9"]
[EventCountry "CRO"]
[Source "ChessBase"]
[SourceDate "2012.06.22"]
[WhiteTeam "Hungary"]
[BlackTeam "Croatia"]
[WhiteTeamCountry "HUN"]
[BlackTeamCountry "CRO"]

1. e4 c6 2. d4 d5 3. Nc3 dxe4 4. Nxe4 Bf5 5. Ng3 Bg6 6. h4 h6 7. Nf3 Nd7 8. h5
Bh7 9. Bd3 Bxd3 10. Qxd3 e6 11. Bd2 Ngf6 12. O-O-O Be7 13. Kb1 Qb6 14. Rhe1 O-O
15. Nf5 exf5 16. Rxe7 Qd8 17. Re2 Ne4 18. Be1 Re8 19. g3 Ndf6 20. Nh4 Qd5 21.
f3 Nd6 22. Re5 Qc4 23. Qa3 Rad8 24. Rxe8+ Nfxe8 25. Qxa7 Nb5 26. Qa5 Rxd4 27.
Rc1 Qe6 28. Bf2 b6 29. Qxb6 Ra4 30. c4 Rxc4 31. Qe3 Rxc1+ 32. Qxc1 Qe2 33. Bc5
Qd3+ 34. Qc2 Qf1+ 35. Qc1 Qd3+ 36. Ka1 Nf6 37. a4 Nc7 38. Ba3 Ne6 39. Qb1 Qb3
40. Nxf5 Nd5 41. Qe4 Nc3 42. bxc3 Qxa3+ 43. Kb1 Qb3+ 44. Kc1 Qxc3+ 45. Kd1 Qb3+
46. Ke2 Qa2+ 47. Kf1 Qa1+ 48. Kf2 Qa2+ 49. Kf1 1/2-1/2

[Event "Mitropa Cup 31st"]
[Site "Sibenik"]
[Date "2012.06.03"]
[Round "4"]
[White "Rapport, Richard"]
[Black "Kuljasevic, Davorin"]
[Result "1-0"]
[WhiteElo "2577"]
[BlackElo "2574"]
[PlyCount "181"]
[EventDate "2012.05.31"]
[EventType "team-tourn"]
[EventRounds "9"]
[EventCountry "CRO"]
[Source "ChessBase"]
[SourceDate "2012.06.22"]
[WhiteTeam "Hungary"]
[BlackTeam "Croatia"]
[WhiteTeamCountry "HUN"]
[BlackTeamCountry "CRO"]

1. e4 c5 2. Nf3 Nc6 3. Bb5 e6 4. Bxc6 bxc6 5. Qe2 d5 6. d3 Ne7 7. h4 h5 8. g3
f6 9. e5 Ng6 10. b3 Be7 11. Bb2 d4 12. c4 dxc3 13. Nxc3 O-O 14. O-O-O a5 15.
exf6 Bxf6 16. Qe4 Ne7 17. Ng5 Nf5 18. Nxe6 Bxe6 19. Qxe6+ Rf7 20. Qxf5 Bxc3 21.
Qxc5 Bxb2+ 22. Kxb2 Qf6+ 23. Ka3 a4 24. b4 Rd8 25. Rhe1 Rd5 26. Qc2 Rfd7 27. f4
Qd6 28. Qc4 Kh7 29. d4 Rb7 30. Re5 Rdb5 31. Rde1 Qg6 32. Rg5 Rxb4 33. Qe2 Qf7
34. Qxh5+ Qxh5 35. Rxh5+ Kg8 36. Rd1 Rb2 37. Rd3 Rg2 38. Rg5 Rbb2 39. Kxa4
Rxa2+ 40. Kb4 Rgc2 41. Rc3 Rab2+ 42. Kc4 Rd2 43. d5 cxd5+ 44. Rxd5 Re2 45. Rdd3
Kf7 46. Kd4 Rb4+ 47. Rc4 Rxc4+ 48. Kxc4 Ke6 49. Ra3 Rd2 50. Ra5 Kf6 51. Rg5 Rd1
52. Kc3 Kf7 53. Kc2 Rd4 54. Rf5+ Ke6 55. Rf8 Ke7 56. Ra8 Kf6 57. Ra5 Ke6 58. h5
Rd7 59. g4 Kf7 60. Ra4 Kf6 61. Ra6+ Ke7 62. Kc3 Rd1 63. Ra7+ Kf8 64. f5 Rg1 65.
Ra4 Kf7 66. Kd3 Kf6 67. Ra6+ Kf7 68. Rg6 Re1 69. h6 gxh6 70. Rxh6 Rg1 71. Rg6
Re1 72. Kd4 Re2 73. Kd5 Re1 74. Re6 Rg1 75. Re4 Kf6 76. Rd4 Re1 77. Kd6 Rg1 78.
Kd7 Kf7 79. Kd6 Kf6 80. Kd5 Re1 81. Kc4 Ke5 82. Kc3 Rg1 83. Rb4 Rd1 84. Rb6 Rg1
85. Rg6 Rd1 86. f6 Ke6 87. g5 Kf7 88. Rg7+ Kf8 89. Kc4 Rd2 90. Ra7 Rg2 91. Kd5
1-0

[Event "Mitropa Cup 31st"]
[Site "Sibenik"]
[Date "2012.06.03"]
[Round "4"]
[White "Saric, Ante"]
[Black "Banusz, Tamas"]
[Result "0-1"]
[WhiteElo "2513"]
[BlackElo "2582"]
[PlyCount "92"]
[EventDate "2012.05.31"]
[EventType "team-tourn"]
[EventRounds "9"]
[EventCountry "CRO"]
[Source "ChessBase"]
[SourceDate "2012.06.22"]
[WhiteTeam "Croatia"]
[BlackTeam "Hungary"]
[WhiteTeamCountry "CRO"]
[BlackTeamCountry "HUN"]

1. d4 d5 2. c4 c6 3. Nf3 Nf6 4. e3 g6 5. Nc3 Bg7 6. Bd3 O-O 7. O-O Be6 8. Qe2
dxc4 9. Bxc4 Bxc4 10. Qxc4 b5 11. Qe2 Nbd7 12. e4 b4 13. Na4 Qa5 14. b3 e5 15.
dxe5 Nxe5 16. Bb2 Qb5 17. Qxb5 Nxf3+ 18. gxf3 cxb5 19. Nc5 Rfd8 20. Na6 Rd2 21.
Rab1 Nh5 22. Bxg7 Kxg7 23. Nxb4 a5 24. Nd5 Rxa2 25. Ra1 Rb2 26. Rfb1 Rxb1+ 27.
Rxb1 a4 28. Nc7 Rd8 29. bxa4 bxa4 30. Nd5 Ra8 31. Ra1 a3 32. Ra2 g5 33. h4 Nf4
34. hxg5 Nxd5 35. exd5 Kf8 36. Kg2 Ke7 37. Kg3 Kd6 38. Kg4 Kxd5 39. f4 Kc4 40.
Kh5 Kb3 41. Ra1 Ra5 42. Kh6 Rf5 43. Rb1+ Kc2 44. Rb7 a2 45. Ra7 Kb3 46. Rb7+
Ka4 0-1

[Event "Mitropa Cup 31st"]
[Site "Sibenik"]
[Date "2012.06.03"]
[Round "4"]
[White "Cvek, Robert"]
[Black "Jurcik, Marian"]
[Result "1/2-1/2"]
[WhiteElo "2563"]
[BlackElo "2491"]
[PlyCount "32"]
[EventDate "2012.05.31"]
[EventType "team-tourn"]
[EventRounds "9"]
[EventCountry "CRO"]
[Source "ChessBase"]
[SourceDate "2012.06.22"]
[WhiteTeam "Czech Republic"]
[BlackTeam "Slovakia"]
[WhiteTeamCountry "CZE"]
[BlackTeamCountry "SVK"]

1. Nf3 Nf6 2. c4 g6 3. Nc3 Bg7 4. e4 d6 5. d4 O-O 6. Be2 Bg4 7. Be3 Nfd7 8. O-O
Nc6 9. d5 Bxf3 10. Bxf3 Na5 11. Be2 Bxc3 12. bxc3 e5 13. h4 Nc5 14. Bxc5 dxc5
15. g3 b6 16. Qd2 Qe7 1/2-1/2

[Event "Mitropa Cup 31st"]
[Site "Sibenik"]
[Date "2012.06.03"]
[Round "4"]
[White "Pacher, Milan"]
[Black "Plat, Vojtech"]
[Result "1/2-1/2"]
[WhiteElo "2440"]
[BlackElo "2485"]
[PlyCount "136"]
[EventDate "2012.05.31"]
[EventType "team-tourn"]
[EventRounds "9"]
[EventCountry "CRO"]
[Source "ChessBase"]
[SourceDate "2012.06.22"]
[WhiteTeam "Slovakia"]
[BlackTeam "Czech Republic"]
[WhiteTeamCountry "SVK"]
[BlackTeamCountry "CZE"]

1. d4 d5 2. c4 Nc6 3. Nc3 dxc4 4. d5 Ne5 5. Qd4 Ng6 6. Nf3 Nf6 7. e4 e6 8. Bxc4
exd5 9. exd5 Be7 10. O-O O-O 11. Re1 Bg4 12. Be2 Bd7 13. b3 c5 14. Qd1 Bd6 15.
Nd2 Be5 16. Bb2 Nxd5 17. Rc1 Bc6 18. Bf3 Ndf4 19. Bxc6 bxc6 20. Re3 Nd3 21. Rb1
Nxb2 22. Rxb2 Bd4 23. Rg3 Re8 24. Rc2 Nf4 25. Kf1 Qh4 26. Nf3 Qf6 27. Ne2 Rad8
28. Nfxd4 Nxe2 29. Rxe2 cxd4 30. Rxe8+ Rxe8 31. b4 Qe5 32. h3 a5 33. a3 axb4
34. axb4 Qb5+ 35. Rd3 g6 36. Qd2 Ra8 37. Kg1 Ra2 38. Qxa2 Qxd3 39. Qa8+ Kg7 40.
Qxc6 Qc3 41. b5 Qe1+ 42. Kh2 d3 43. b6 Qe5+ 44. g3 Qd4 45. b7 Qxf2+ 46. Qg2 Qb6
47. Qd5 Qb2+ 48. Qg2 Qe5 49. Qd2 h5 50. h4 Qe2+ 51. Qxe2 dxe2 52. b8=Q e1=Q 53.
Qb2+ Kh7 54. Qf6 Qe2+ 55. Kg1 Qe6 56. Qd4 f6 57. Kg2 Qe2+ 58. Kg1 Qf3 59. Kh2
Qe2+ 60. Kg1 Qe7 61. Qd5 Kg7 62. Kg2 Qe2+ 63. Kg1 Qe5 64. Qb7+ Kh6 65. Kg2 g5
66. hxg5+ Qxg5 67. Qe4 Qe5 68. Qa8 Qe2+ 1/2-1/2

[Event "Mitropa Cup 31st"]
[Site "Sibenik"]
[Date "2012.06.03"]
[Round "4"]
[White "Simacek, Pavel"]
[Black "Mazur, Stefan"]
[Result "1-0"]
[WhiteElo "2460"]
[BlackElo "2391"]
[PlyCount "53"]
[EventDate "2012.05.31"]
[EventType "team-tourn"]
[EventRounds "9"]
[EventCountry "CRO"]
[Source "ChessBase"]
[SourceDate "2012.06.22"]
[WhiteTeam "Czech Republic"]
[BlackTeam "Slovakia"]
[WhiteTeamCountry "CZE"]
[BlackTeamCountry "SVK"]

1. e4 c6 2. d4 d5 3. Nd2 dxe4 4. Nxe4 Bf5 5. Ng3 Bg6 6. h4 h6 7. Nh3 e6 8. Nf4
Bh7 9. Bc4 Nf6 10. O-O Bd6 11. Re1 O-O 12. Ngh5 Nbd7 13. Nxe6 fxe6 14. Rxe6 Kh8
15. Rxd6 Qc7 16. Re6 Bf5 17. Re7 Qd6 18. Rxg7 Nxh5 19. Rxd7 Qg6 20. Rd6 Qxd6
21. Qxh5 Rf6 22. Bg5 Rg6 23. Bf7 Rag8 24. Re1 Bxc2 25. Bxg6 Rxg6 26. Bxh6 Rxh6
27. Qe8+ 1-0

[Event "Mitropa Cup 31st"]
[Site "Sibenik"]
[Date "2012.06.03"]
[Round "4"]
[White "Straka, Josef Jr"]
[Black "Biolek, Richard"]
[Result "1-0"]
[WhiteElo "2373"]
[BlackElo "2412"]
[PlyCount "63"]
[EventDate "2012.05.31"]
[EventType "team-tourn"]
[EventRounds "9"]
[EventCountry "CRO"]
[Source "ChessBase"]
[SourceDate "2012.06.22"]
[WhiteTeam "Slovakia"]
[BlackTeam "Czech Republic"]
[WhiteTeamCountry "SVK"]
[BlackTeamCountry "CZE"]

1. Nf3 Nc6 2. d4 d5 3. c4 Bg4 4. Nc3 e6 5. cxd5 exd5 6. Bf4 Bd6 7. Bxd6 Qxd6 8.
e3 Nge7 9. Bd3 Bf5 10. O-O O-O 11. a3 a6 12. Rc1 Bxd3 13. Qxd3 f5 14. Rfe1 Ng6
15. g3 Nd8 16. Ne5 c6 17. f4 Nxe5 18. dxe5 Qe7 19. Ne2 Ne6 20. b4 a5 21. b5
cxb5 22. Qxb5 Qxa3 23. Nd4 Nxd4 24. Qxd5+ Kh8 25. exd4 Rad8 26. Qxb7 Rxd4 27.
e6 Qa4 28. e7 Re8 29. Rc8 Re4 30. Rxe8+ Qxe8 31. Rc1 Rxe7 32. Qxe7 1-0

[Event "Mitropa Cup 31st"]
[Site "Sibenik"]
[Date "2012.06.03"]
[Round "4"]
[White "Aguettaz, Maxime"]
[Black "Wagner, Dennis"]
[Result "1/2-1/2"]
[WhiteElo "2443"]
[BlackElo "2424"]
[PlyCount "104"]
[EventDate "2012.05.31"]
[EventType "team-tourn"]
[EventRounds "9"]
[EventCountry "CRO"]
[Source "ChessBase"]
[SourceDate "2012.06.22"]
[WhiteTeam "France"]
[BlackTeam "Germany"]
[WhiteTeamCountry "FRA"]
[BlackTeamCountry "GER"]

1. c4 Nf6 2. Nf3 g6 3. Nc3 d5 4. cxd5 Nxd5 5. h4 Bg7 6. h5 Nc6 7. Qa4 Nb6 8.
Qh4 Bf6 9. Qf4 g5 10. Qe4 Be6 11. d3 h6 12. g4 Nd5 13. Bd2 Ndb4 14. Rc1 Nxa2
15. Nxa2 Bxa2 16. Bg2 Bd5 17. Qa4 O-O 18. O-O Bxf3 19. Bxf3 Nd4 20. Qc4 Nxf3+
21. exf3 c6 22. f4 Qd7 23. fxg5 Bd4 24. Kh2 Qxg4 25. f4 e5 26. Rce1 Qh4+ 27.
Kg2 Qg4+ 28. Kh2 hxg5 29. fxg5 Qh4+ 30. Kg2 Qg4+ 31. Kh2 Rad8 32. h6 Qh4+ 33.
Kg2 Qg4+ 34. Kh2 Bg1+ 35. Rxg1 Qxc4 36. dxc4 Rxd2+ 37. Rg2 Rxg2+ 38. Kxg2 Re8
39. Kf3 Kh7 40. Rd1 e4+ 41. Ke3 Kg6 42. Rd7 Kxg5 43. Rxf7 Kxh6 44. Rxb7 Kg6 45.
Rxa7 Kf6 46. Rc7 Re6 47. Rh7 Re8 48. Rh4 Rb8 49. Kd4 Kf5 50. Rh5+ Kf4 51. Rh4+
Kf5 52. Rh5+ Kf4 1/2-1/2

[Event "Mitropa Cup 31st"]
[Site "Sibenik"]
[Date "2012.06.03"]
[Round "4"]
[White "Housieaux, David"]
[Black "Huschenbeth, Niclas"]
[Result "1-0"]
[WhiteElo "2452"]
[BlackElo "2521"]
[PlyCount "71"]
[EventDate "2012.05.31"]
[EventType "team-tourn"]
[EventRounds "9"]
[EventCountry "CRO"]
[Source "ChessBase"]
[SourceDate "2012.06.22"]
[WhiteTeam "France"]
[BlackTeam "Germany"]
[WhiteTeamCountry "FRA"]
[BlackTeamCountry "GER"]

1. c4 b6 2. Nc3 Bb7 3. e4 Nf6 4. e5 Ne4 5. Qg4 Nxc3 6. dxc3 c5 7. Nf3 Nc6 8.
Bf4 e6 9. O-O-O h6 10. h4 Qc7 11. Be2 O-O-O 12. Rd2 Ne7 13. Rhd1 Nf5 14. Bd3 g6
15. h5 Rg8 16. hxg6 fxg6 17. Ne1 Be7 18. Qe2 Rgf8 19. Bh2 Nh4 20. f4 Qc6 21. g3
Nf5 22. Nc2 g5 23. g4 Nh4 24. f5 exf5 25. gxf5 Nxf5 26. Bxf5 Rxf5 27. Ne3 Rf7
28. Nd5 Re8 29. Nc7 Rd8 30. Nb5 Qe6 31. Rd6 Bf3 32. Qd3 Bxd1 33. Qxd1 Qh3 34.
Qa4 Rf1+ 35. Kc2 Bxd6 36. Qa6+ 1-0

[Event "Mitropa Cup 31st"]
[Site "Sibenik"]
[Date "2012.06.03"]
[Round "4"]
[White "Zelbel, Patrick"]
[Black "Dubessay, Bastien"]
[Result "0-1"]
[WhiteElo "2377"]
[BlackElo "2384"]
[PlyCount "110"]
[EventDate "2012.05.31"]
[EventType "team-tourn"]
[EventRounds "9"]
[EventCountry "CRO"]
[Source "ChessBase"]
[SourceDate "2012.06.22"]
[WhiteTeam "Germany"]
[BlackTeam "France"]
[WhiteTeamCountry "GER"]
[BlackTeamCountry "FRA"]

1. e4 c5 2. c3 d5 3. exd5 Qxd5 4. Nf3 Nc6 5. Na3 Bf5 6. Bc4 Qe4+ 7. Be2 e6 8.
O-O Be7 9. d3 Qd5 10. Nc4 Nf6 11. Ne3 Qd7 12. Nxf5 exf5 13. d4 cxd4 14. Nxd4
Nxd4 15. Qxd4 Qxd4 16. cxd4 O-O 17. Be3 Nd5 18. Bf3 Rad8 19. Bxd5 Rxd5 20. Rac1
Bd6 21. g3 h6 22. Rfe1 Re8 23. Kf1 g5 24. f3 Kg7 25. Bf2 Rd8 26. Re2 Kf6 27.
Rec2 Ke6 28. Rc8 Kd7 29. Rxd8+ Kxd8 30. Rc2 Kd7 31. Ke2 Be7 32. Kd3 Bd6 33. Kc4
Kc6 34. a4 a6 35. b3 Bb8 36. Kd3+ Kd7 37. Rc5 Rxc5 38. dxc5 a5 39. Be1 Bc7 40.
Kd4 Kc6 41. Bd2 f6 42. Kc4 h5 43. Bc3 f4 44. Be1 fxg3 45. hxg3 f5 46. Kd4 f4
47. gxf4 Bxf4 48. Ke4 Kxc5 49. Kf5 Kd4 50. Bxa5 Ke3 51. Bd8 h4 52. Kg4 Kf2 53.
a5 Kg2 54. Bb6 h3 55. Bg1 Bd2 0-1

[Event "Mitropa Cup 31st"]
[Site "Sibenik"]
[Date "2012.06.03"]
[Round "4"]
[White "Botta, Gabriele"]
[Black "Borisek, Jure"]
[Result "0-1"]
[WhiteElo "2365"]
[BlackElo "2539"]
[PlyCount "48"]
[EventDate "2012.05.31"]
[EventType "team-tourn"]
[EventRounds "9"]
[EventCountry "CRO"]
[Source "ChessBase"]
[SourceDate "2012.06.22"]
[WhiteTeam "Switzerland"]
[BlackTeam "Slovenia"]
[WhiteTeamCountry "SUI"]
[BlackTeamCountry "SLO"]

1. e4 e5 2. Nf3 Nc6 3. Bb5 a6 4. Ba4 Nge7 5. c3 g6 6. d4 exd4 7. cxd4 b5 8. Bb3
Bg7 9. O-O O-O 10. Nc3 d6 11. h3 Bb7 12. Re1 Na5 13. Bc2 c5 14. Bg5 h6 15. Bh4
g5 16. Bg3 Nc4 17. Rb1 Rc8 18. Qd3 Ng6 19. e5 Bxf3 20. e6 f5 21. Qxf3 cxd4 22.
Nd5 Ne7 23. Nxe7+ Qxe7 24. Bxf5 Rc5 0-1

[Event "Mitropa Cup 31st"]
[Site "Sibenik"]
[Date "2012.06.04"]
[Round "5"]
[White "Borisek, Jure"]
[Black "Neubauer, Martin"]
[Result "0-1"]
[WhiteElo "2539"]
[BlackElo "2415"]
[PlyCount "106"]
[EventDate "2012.05.31"]
[EventType "team-tourn"]
[EventRounds "9"]
[EventCountry "CRO"]
[Source "ChessBase"]
[SourceDate "2012.06.22"]
[WhiteTeam "Slovenia"]
[BlackTeam "Austria"]
[WhiteTeamCountry "SLO"]
[BlackTeamCountry "AUT"]

1. e4 e5 2. Nf3 Nc6 3. Bc4 Bc5 4. d3 Nf6 5. O-O d6 6. c3 a6 7. Bb3 Ba7 8. Be3
O-O 9. Nbd2 Be6 10. h3 Bxb3 11. Qxb3 Rb8 12. Rad1 Bxe3 13. fxe3 Nd7 14. d4 g6
15. Rf2 Qe7 16. Rdf1 Kg7 17. Ne1 Nd8 18. a4 c5 19. a5 Ne6 20. Nd3 f6 21. d5 Nc7
22. Qa2 Rf7 23. Qb1 b5 24. axb6 Nxb6 25. Qa2 Qd7 26. Ra1 f5 27. c4 a5 28. Raf1
a4 29. Qa3 Rbf8 30. Qc3 Nc8 31. Nf3 Qe7 32. Nfxe5 dxe5 33. Nxe5 Rf6 34. exf5
Nd6 35. Nc6 Qe8 36. Qa5 Na8 37. Rf3 Ne4 38. fxg6 Rxf3 39. Rxf3 Rxf3 40. gxf3
Qxg6+ 41. Kf1 Qf6 42. Qa7+ Kh6 43. Ne5 Nd2+ 44. Ke2 Qxe5 45. Qxa8 Nxc4 46. Qf8+
Kh5 47. Qf7+ Kh4 48. Qxh7+ Kg3 49. Qg6+ Kh2 50. Qc2 Nxe3 51. Qe4 Qxb2+ 52. Kxe3
a3 53. Qf4+ Kh1 0-1

[Event "Mitropa Cup 31st"]
[Site "Sibenik"]
[Date "2012.06.04"]
[Round "5"]
[White "Diermair, Andreas"]
[Black "Skoberne, Jure"]
[Result "0-1"]
[WhiteElo "2414"]
[BlackElo "2535"]
[PlyCount "98"]
[EventDate "2012.05.31"]
[EventType "team-tourn"]
[EventRounds "9"]
[EventCountry "CRO"]
[Source "ChessBase"]
[SourceDate "2012.06.22"]
[WhiteTeam "Austria"]
[BlackTeam "Slovenia"]
[WhiteTeamCountry "AUT"]
[BlackTeamCountry "SLO"]

1. Nf3 g6 2. c4 Bg7 3. d4 d6 4. Nc3 Nd7 5. g3 e5 6. Bg2 Ne7 7. O-O O-O 8. e4
exd4 9. Nxd4 Nc6 10. Nde2 a5 11. h3 Nc5 12. Be3 Re8 13. Rc1 a4 14. Rc2 Be6 15.
Rd2 Qc8 16. Nd5 Ne5 17. b4 axb3 18. axb3 Bxh3 19. f3 Bxg2 20. Kxg2 Ned7 21. Bd4
Be5 22. b4 Ne6 23. Bxe5 dxe5 24. c5 c6 25. Ne3 Nf6 26. Nc4 Ng5 27. Ng1 Qe6 28.
Na5 Qe7 29. Rd6 Ne6 30. Ne2 Nxc5 31. Nxc6 bxc6 32. bxc5 Rec8 33. Qd3 Ne8 34.
Rd7 Qxc5 35. Qb3 Nd6 36. Rc1 Qb5 37. Qxb5 Nxb5 38. Rc5 Ra2 39. Kf1 Nd4 40. Nxd4
exd4 41. Rxd4 Rb8 42. Rdc4 Rb1+ 43. Rc1 Rbb2 44. Rxc6 Rh2 45. Kg1 Rag2+ 46. Kf1
Rf2+ 47. Kg1 Rhg2+ 48. Kh1 Rxg3 49. Rc8+ Kg7 0-1